header

The history of King Lear (Record no. 221739)

MARC details
000 -LEADER
fixed length control field 01716nam a2200433 a 4500
082 04 - DEWEY DECIMAL CLASSIFICATION NUMBER
Classification number 822.3/3
100 1# - MAIN ENTRY--AUTHOR NAME
Personal name Shakespeare, William,
245 14 - TITLE STATEMENT
Title The history of King Lear
260 ## - PUBLICATION, DISTRIBUTION, ETC. (IMPRINT)
Place of publication Oxford :
Name of publisher Clarendon Press ;
Place of publication New York :
Name of publisher Oxford University Press,
Year of publication 2000.
300 ## - PHYSICAL DESCRIPTION
Number of Pages x, 321 p. :
Other physical details ill.
490 1# - SERIES STATEMENT
Series statement The Oxford Shakespeare
650 #0 - SUBJECT ADDED ENTRY--TOPICAL TERM
Topical Term Lear, King (Legendary character)
Topical Term Inheritance and succession
Topical Term Fathers and daughters
Topical Term Kings and rulers
Topical Term Aging parents
Topical Term Britons
700 1# - ADDED ENTRY--PERSONAL NAME
Personal name Wells, Stanley W.,
Personal name Taylor, Gary,
856 40 - ELECTRONIC LOCATION AND ACCESS
Uniform Resource Identifier http://site.ebrary.com/lib/rucke/Doc?id=10469430

No items available.

© 2026 Rongo University
Contact us: librarian | system librarian | Rongo university